01015nam a22003017a 45000050016000000080041000160100015000570200026000720200023000980350013001210370013001340400013001470820011001601000010001712450052001812500011002332600038002442700042002823000025003244900031003495000021003806500054004016500052004557000023005079420025005309990017005559520141005722011112208108.0111122t xxu||||| |||| 00| 0 eng d aENG-104172 a9780071333535c325.00 a0071333533c325.00 aEN-87705 bDBAD/PUB aDPLbEng00a530.121 93603210aQuantum mechanics /cby Yoav Peleg ... [et al] a2nd ed aNew DelhibTata McGraw Hillc2011 a7 West Patel NagarbNew Delhie110008 aix, 361p.c28cm(pbk) aSchaum’s outlines936054 aIncludes index. 0aQuantum theory 936033vProblems, exercises, etc. 0aQuantum theory 936034vOutlines, syllabi, etc.1 aPeleg, Yoav936036 2ddccENh530.12mQUA c58629d58629 00102ddc40718NFICaDBADbDBADd2011-11-22eDBAD/PUBg325.00l0o530.12 QUApEN-87705r2011-11-22 00:00:00t1v325.00w2011-11-22yEN